000 00540cam a22002291 4500
001 sa 65000598
003 DLC
005 20260227112104.0
008 950207s1964 ii 000 1 tamo
010 _asa 65000598
025 _aPL480:I-T-1003
035 _a(OCoLC)31950861
040 _aDLC
_cCU
_dCU
_dDLC
042 _apremarc
050 0 0 _aPL4758.9.C44
_bK3
100 0 _aCentur̲aimuttu.
245 1 0 _aKan̲n̲ippeṇ nōn̲pu.
260 _c[1964]
300 _a196 p.
_c19 cm.
500 _aIn Tamil.
500 _aA novel.
999 _c61636
_d61636